000 00352nam a22001577a 4500
003 SGT
020 _a9788178555508
082 _a616.024
_bM19C
100 _aCHUGH, S.N.
245 _aTB. OF MEDICINE FOR MBBS 2 VOLUME SET
250 _a4TH
260 _aINDIA
_bARYA PUB
_c2019
300 _a716,1363
650 _aMEDICINE
942 _2ddc
_cBK
_0124
999 _c20977
_d20977